000 00526nam a2200169 i 4500
001 63828
003 ES-MaACL
005 20230906164958.0
007 t|
008 031217s1944 sp ||||1| spa d
100 1 _aRomanones, Álvaro de Figueroa y Torres,
_cConde de,
_d1863-1950
_999264
245 1 0 _aBreviario de política experimental /
_cAlvaro de Figueroa y Torres.
260 _aMadrid :
_bEspasa-Calpe,
_c[1944]
300 _a171 p. ;
_c18 cm.
852 _aES-MaACL
_jB-10096
_bR.21346
999 _c63828
_d63828